000 00348nam a22001337a 4500
003 SGT
020 _a9789390315598
082 _a920
_bV20S
100 _aशर्मा, राजीव
245 _aविद्रोही सन्यासी
260 _bप्रभात प्रकाशन
_c2020
300 _a211
942 _2ddc
_cBK
999 _c31981
_d31981